| 000 | 00451cam a22001337a 4500 | ||
|---|---|---|---|
| 008 | 180718b2012 xxu||||| |||| 00| 0 eng d | ||
| 020 | _a9788188437900 | ||
| 082 | _aL9 In7c | ||
| 100 | _aInstitute of Chartered Accountants of India | ||
| 245 |
_aCompendium of Accounting Standards: Accounting standards mandatory _cby Institute of Chartered Accountants of India |
||
| 260 |
_aICAI _bNew Delhi _c2012 |
||
| 300 | _a652P. | ||
| 650 | _aAccounting Standards | ||
| 999 |
_c503343 _d503343 |
||